000 00999nam a2200253 a 4500
001 000048483
003 DO-SdBNP
005 20240423141545.0
007 ta
008 190322s2013 dr ac 000 s spa d
040 _aDO-SdBNP
_bspa
_cBNPHU
082 4 _a378.7293
_bF438d
_222
100 1 _aFiallo Calderón, Miguel,
_d1948-
_975903
245 1 0 _aDiscursos del Rector :
_babril 2005- abril 2013 /
_cMiguel Fiallo Calderón ; prólogo Carlos Esteban Deive.
260 _aSanto Domingo :
_bUniversidad Nacional Pedro Henríquez Ureña,
_c2013.
300 _a416 p. :
_bil., retrs. ;
_c23 cm.
500 _aIncluye datos biográficos del autor en la solapa de la contracubierta
590 _aInventariado, 2019/LP
650 4 _aEducación superior
_xEnsayos, conferencias, etc.
_zRepública Dominicana
_981903
650 4 _aUniversideds
_xEnsayos, conferencias, etc.
_zRepública Dominicana
_981904
700 1 _aDeive, Carlos Esteban,
_d1935-2019
_epról.
_91916
910 _aLP
942 _2ddc
_cLBS1
999 _c47971
_d47971